| 000 | 00323nam a22001217a 4500 | ||
|---|---|---|---|
| 082 |
_a340.565491 _bMAH |
||
| 100 | _aMahmmod, M. | ||
| 245 |
_aThe Major Acts: _bwith short notes / _cM. Mahmmod |
||
| 260 |
_aLahore : _bAl-Qanoon Publishers, _c2022. |
||
| 300 |
_a1972 p. ; _c24 cm. |
||
| 563 | _aHBK. | ||
| 942 |
_2ddc _cBK |
||
| 999 |
_c592421 _d592421 |
||